O jogo de 1 milhão de dólares (Record no. 142366)

MARC details
000 -LÍDER
campo de controle de tamanho fixo 00573 a2200193 4500
001 - NÚMERO DE CONTROLE
campo de controle 142366
040 ## - FONTE DA CATALOGAÇÃO
Instituição que transcreveu o registro Leonardo Da Vinci
041 ## - CÓDIGO DE IDIOMA
Código do idioma do texto/trilha sonora ou título diferente Português
082 ## - CDD - CLASSIFICAÇÃO DECIMAL DE DEWEY
Número de Classificação 810 W537j
Número do exemplar W537j
100 ## - ENTRADA PRINCIPAL--NOME PESSOAL
Nome pessoal WEST, Chassie L
245 ## - TÍTULO
Título O jogo de 1 milhão de dólares
Restante do título uma história fantástica onde o herói é você!
260 ## - PUBLICAÇÃO, DISTRIBUIÇÃO, ETC.
Nome do editor, distribuidor, etc. Nova Cultural
Data da publicação, distribuição, etc. 1985
Local de publicação, distribuição, etc. São Paulo
300 ## - DESCRIÇÃO FÍSICA
Extensão 118
362 ## - DATAS DE PUBLICAÇÃO E/OU DESIGNAÇÃO SEQUENCIAL
Datas de publicação e/ou designação sequencial 19850000
490 ## - TÍTULO DA SÉRIE
Título da série Micro aventura
500 ## - NOTA GERAL
Nota geral Ina Stein Amarante (Tradução)
697 ## - ENTRADA DE ASSUNTO LOCAL--ENTIDADE COLETIVA (RLIN)
Nome corporativo ou nome da jurisdição Literatura
-- Aventura
-- Ficção
-- Jogo
-- Computador
-- Estados Unidos
942 ## - ELEMENTOS DE ENTRADA ADICIONADOS (KOHA)
Tipo de material Koha Livros
Holdings
Situação do descarte Situação das perdas Situação física Não pode ser emprestado Biblioteca de origem Biblioteca atual Data de aquisição Total de empréstimos Número de chamada completo Código de barras Data de último acesso Data do preço efetivo Tipo de material Koha
        Leonardo Da Vinci - Osasco Leonardo Da Vinci - Osasco 27/03/2024   810 W537j O009731 27/03/2024 27/03/2024 Livros